The new levia thang thoughts after libralism (Record no. 2572)

MARC details
000 -LEADER
fixed length control field 00382nam a22001457a 4500
008 - FIXED-LENGTH DATA ELEMENTS--GENERAL INFORMATION
fixed length control field 250320b |||||||| |||| 00| 0 eng d
020 ## - INTERNATIONAL STANDARD BOOK NUMBER
ISBN 9780241554951
100 ## - MAIN ENTRY--AUTHOR
Author Gray John
245 ## - TITLE STATEMENT
Title The new levia thang thoughts after libralism
260 ## - PUBLICATION, DISTRIBUTION, ETC. (IMPRINT)
Place of publication U.K
Name of publisher Peinguin books
Date of publication 2023
300 ## - COLLATION
Pagination 178p
650 ## - TRACINGS
Main Subject Political Realism
Subdivision (1st) Nation State
942 ## - ADDED ENTRY ELEMENTS (KOHA)
Item type Books
050 ## - LIBRARY OF CONGRESS CALL NUMBER
Classification number JZ1307
Item number .G73
Holdings
Source of classification or shelving scheme Not for loan Permanent location Current location Date acquired Accession No. Full call number Barcode. Koha item type
Library of Congress Classification   Samuel Ogbemudia Main Library, University of Abuja Samuel Ogbemudia Main Library, University of Abuja 03/20/2025 2024/63732 JZ1307.G73 2025-0854 Books